000 00757nam a2200241 a 4500
008
040 _aNUST
_cNUST
049 _aMAIN
090 _aHD75.8
_bWAL
100 1 _aWalker, Bridget
245 1 0 _aThe social dimensions of adjustment (SDA) initiative in Mozambique /
_cby Bridget M. Walker and Gabriel L. Dava
260 _aLondon:
_bOne World Action,
_c1994
300 _a27 pages :
_billustrations ;
_c25 cm
336 _atext
_btxt
_2rdacontent
337 _aunmediated
_bn
_2rdamedia
338 _avolume
_bnc
_2rdacarrier
650 1 _aSocial Dimensions
700 _aDava, Gabriel L.
907 _a.b10417151
_b13-04-22
_c13-04-22
003
005 20230123141239.0
942 _cBOOKS
_kHD75.8
_mWAL
999 _c170203
_d170203